Voraussetzungen und Ziele der Erkennens Untersuchungen über die Grund fragen de Logik / (Record no. 45572)

MARC details
000 -LEADER
campo de control de longitud fija 00443nam a2200145 i 4500
001 - NÚMERO DE CONTROL
campo de control 45572
003 - IDENTIFICADOR DE NÚMERO DE CONTROL
campo de control ES-MaACL
007 - CAMPO FIJO DE DESCRIPCIÓN FÍSICA--INFORMACIÓN GENERAL
campo de control de longitud fija t|
008 - DATOS DE LONGITUD FIJA--INFORMACIÓN GENERAL
campo de control de longitud fija 030326s1908 gw ||||1| ger d
100 1# - ENTRADA PRINCIPAL--NOMBRE DE PERSONA
Nombre de persona Cohn, Jonas.
9 (RLIN) 39522
245 10 - MENCIÓN DEL TÍTULO
Título Voraussetzungen und Ziele der Erkennens Untersuchungen über die Grund fragen de Logik /
Mención de responsabilidad, etc. von Jonas Cohn.
260 ## - PUBLICACIÓN, DISTRIBUCIÓN, ETC.
Lugar de publicación, distribución, etc. Leipzig :
Nombre del editor, distribuidor, etc. Wilhelm Engelmann,
Fecha de publicación, distribución, etc. 1908.
300 ## - DESCRIPCIÓN FÍSICA
Extensión 526 p. ;
Dimensiones 23 cm.
852 ## - LOCALIZACIÓN
Ubicación ES-MaACL
Número de control de estantería G-2709
Holdings
Estatus retirado Estado de pérdida Estado de daño No para préstamo Biblioteca de origen Biblioteca actual Ubicación en estantería Fecha de adquisición Fuente de adquisición Total de préstamos Signatura topográfica completa Código de barras Visto por última vez Precio de reemplazo Tipo de ítem Koha
        Biblioteca del Ateneo de Madrid Biblioteca del Ateneo de Madrid Depósito 2 17/01/2008     G-2709 1047947 23/02/2023 23/02/2023 Libro impreso